000 00863nam a2200229Ia 4500
999 _c55381
_d55381
001 22459
003 GE_BSU
005 20220601112050.0
008 181216s2005||||ge |||||||||||||| ||geo||
040 _cGE_BSU
041 _ageo
080 _a39(075.8) ჭ-24
100 _aჭანტურიშვილი, სოსო.
_913920
245 _aეთნოლოგიის საფუძვლები /
_cსოსო ჭანტურიშვილი ; რედაქტორი თ. ცაგარეიშვილი.
264 _aთბილისი,
_c2005.
300 _a423 გვ.;
_b20 სმ.
504 _aბიბლიოგრ.: გვ. 416-419.
541 _h15ლ.
653 _aეთნოლოგია
700 _aცაგარეიშვილი, თ.
_eრედაქტორი
_913921
942 _cBK
_2udc